Las siete plagas al acecho: hambre, analfabetismo, enfermedades... /
Збережено в:
| Автор: | |
|---|---|
| Формат: | Текст |
| Теги: |
Додати тег
Немає тегів, Будьте першим, хто поставить тег для цього запису!
|
MARC
| LEADER | 00000 a a2200000 04500 | ||
|---|---|---|---|
| 001 | 46000 | ||
| 003 | |||
| 040 | |a CRAI/IIS |c CRAI/IIS | ||
| 100 | |a Jiménez, Melba | ||
| 245 | |a Las siete plagas al acecho: |b hambre, analfabetismo, enfermedades... / |c Melba Jiménez | ||
| 773 | |g volumen10, número325 (1990), páginas 8-9 | ||
| 999 | |c 18540 |d 18540 | ||
